Механизм действия ПАВ как деэмульгаторов нефтяных эмульсий; Нефтяное хозяйство; № 4

Dettagli Bibliografici
Parent link:Нефтяное хозяйство: научно-технический производственный журнал.— , 1925-1940, 1946-.— 0028-2448
№ 4.— 2004.— С. 74-76
Altri autori: Борисов С. И., Катеев М. В., Калинин Е. С., Калинина О. С., Мелошенко Н. П., Соррокин В. В.
Lingua:russo
Pubblicazione: 2004
Serie:Технология и техника добычи нефти
Soggetti:
Natura: MixedMaterials Capitolo di libro
KOHA link:https://koha.lib.tpu.ru/cgi-bin/koha/opac-detail.pl?biblionumber=392504

MARC

LEADER 00000n a2a2200000 4500
001 392504
005 20231101064255.0
035 |a (RuTPU)RU\TPU\prd\27881 
090 |a 392504 
100 |a 20040914a2004 k y0rusy50 ca 
101 0 |a rus 
102 |a RU 
200 1 |a Механизм действия ПАВ как деэмульгаторов нефтяных эмульсий  |f С. И. Борисов, М. В. Катеев, Е. С. Калинин и др. 
225 1 |a Технология и техника добычи нефти 
320 |a Библиогр.: 2 назв. 
461 1 |0 (RuTPU)RU\TPU\prd\1638  |x 0028-2448  |t Нефтяное хозяйство  |o научно-технический производственный журнал  |d 1925-1940, 1946- 
463 1 |0 (RuTPU)RU\TPU\prd\26603  |t № 4  |v С. 74-76  |d 2004 
610 1 |a нефтяные эмульсии 
610 1 |a деэмульгаторы 
610 1 |a стабилизаторы 
610 1 |a поверхностно-активные вещества 
675 |a 665.61.033-404.8  |v 3 
701 1 |a Борисов  |b С. И. 
701 1 |a Катеев  |b М. В. 
701 1 |a Калинин  |b Е. С. 
701 1 |a Калинина  |b О. С. 
701 1 |a Мелошенко  |b Н. П. 
701 1 |a Соррокин  |b В. В. 
801 1 |a RU  |b 63413507  |c 20040914  |g PSBO 
801 2 |a RU  |b 63413507  |c 20131028  |g RCR 
942 |c BK